Giáo trình cung cấp điện dùng cho các trường cao đẳng kỹ thuật
Thư mục tài liệu tham khảo tr. 292; Trình bày các nội dung: xác định phụ tải điện; xác định các lượng tổn thất trên lưới cung cấp điện; phương pháp so sánh kinh tế kỹ thuật các phương án cung cấp điện; các loại trạm trong lưới cung cấp; tí...
Salvato in:
| Autore principale: | |
|---|---|
| Natura: | Libro |
| Lingua: | Undetermined |
| Pubblicazione: |
H.
Giáo dục Việt Nam
2012
|
| Soggetti: | |
| Accesso online: | http://lrc.tdmu.edu.vn/opac/search/detail.asp?aID=2&ID=20680 |
| Tags: |
Aggiungi Tag
Nessun Tag, puoi essere il primo ad aggiungerne! !
|
| Thư viện lưu trữ: | Trung tâm Học liệu Trường Đại học Thủ Dầu Một |
|---|
| LEADER | 01400nam a2200217Ia 4500 | ||
|---|---|---|---|
| 001 | TDMU_20680 | ||
| 008 | 210410s9999 xx 000 0 und d | ||
| 082 | |a 621.31 | ||
| 090 | |b NG450 | ||
| 100 | |a Ngô, Hồng Quang | ||
| 245 | 0 | |a Giáo trình cung cấp điện | |
| 245 | 0 | |b dùng cho các trường cao đẳng kỹ thuật | |
| 245 | 0 | |c Ngô Hồng Quang | |
| 260 | |a H. | ||
| 260 | |b Giáo dục Việt Nam | ||
| 260 | |c 2012 | ||
| 300 | |a 295 tr. | ||
| 520 | |a Thư mục tài liệu tham khảo tr. 292; Trình bày các nội dung: xác định phụ tải điện; xác định các lượng tổn thất trên lưới cung cấp điện; phương pháp so sánh kinh tế kỹ thuật các phương án cung cấp điện; các loại trạm trong lưới cung cấp; tính toán ngắn mạch trong lưới cung cấp điện; lựa chọn các thiết bị điện; tính toán chiếu sáng; tính toán bù công suất phản kháng nâng cao hệ số công suất; tính toán thiết kế lắp đặt đường dây tải điện trung hạ áp. | ||
| 650 | |a Cung cấp điện |v Giáo trình | ||
| 856 | |u http://lrc.tdmu.edu.vn/opac/search/detail.asp?aID=2&ID=20680 | ||
| 980 | |a Trung tâm Học liệu Trường Đại học Thủ Dầu Một | ||